000 00512nam a2200193Ia 4500
005 20250326142627.0
008 250326s9999 xx 000 0 und d
037 _aTextbook
040 _aFMSL
_beng
_cFMSL
041 _aeng
_2eng
084 _qFMSL
100 _aJauch LR
_9744161
245 0 _aBusiness policy and strategic Management
_cJauch Lr; Glueck Wf
250 _aEd 5
260 _aNew York
_bNew York, McGraw-Hill int .
_c1988
300 _a959p
942 _cTB
999 _c1295898
_d1295898